Statistics for Italy Special Status Regions

Click here to take the quiz!

General Stats

  • This quiz has been taken 6 times
  • The average score is 4 of 5

Answer Stats

Answer% Correct
Sardinia
100%
Sicily
100%
Aosta Valley
67%
Trentino Alto-Adige
67%
Friuli Venezia-Giulia
33%

Score Distribution

Percentile by Number Answered

Percent of People with Each Score

Your Score History

You have not taken this quiz